000 00576nam a2200169Ia 4500
008 110201s9999 xx 000 0 und d
082 _bB9448
_aKS 1403
100 _aचांदोरकर स्वाती
245 _aकाळाकभिन्न
260 _bमेहता पब्लिशिंग हाऊस
365 _b130
600 _aचांदोरकर स्वाती
630 _aकाळाकभिन्न
700 _aचांदोरकर स्वाती
730 _aकाळाकभिन्न
942 _cBOOK
999 _c834885
_d834882